CSS untuk HTML

Bibliographic Details
Main Author: Iskandar Ab Rashid
Other Authors: Zaitun Ismail
Format: Book
Published: Kuala Lumpur : Venton Pub. , 2002
Subjects:

MARC

LEADER 00000cam a2200000 7i4500
001 0000003171
005 20050308.0
020 0 0 |a 9832661102 
090 0 0 |a 005.72   |b ISK 
100 0 0 |a Iskandar Ab Rashid 
245 0 0 |a CSS untuk HTML   |c Iskandar ab Rashid, Zaitun Ismail 
260 0 0 |a Kuala Lumpur :   |b Venton Pub. ,   |c 2002 
300 |a v, 239ms. :   |b ill. ;   |c 25cm. 
650 0 0 |a HTML (Document markup language) 
650 0 0 |a Hypertext systems 
700 0 1 |a Zaitun Ismail 
999 |a 0000005525   |b Monograph   |c Open Shelf   |e Default branch